| 000 | 00410nam a2200157Ia 4500 | ||
|---|---|---|---|
| 001 | 8482 | ||
| 003 | IN-NITTTR | ||
| 005 | 20251114233038.0 | ||
| 008 | 251113s9999||||xx |||||||||||||| ||eng|| | ||
| 040 | _beng | ||
| 040 | _cIN-NITTTR | ||
| 041 | _aeng | ||
| 082 | _a294.5924 B469 | ||
| 245 | 0 |
_aBhagavadgita illustrated : _b sanskrit slokas, complete and unabridged with english translations / |
|
| 942 |
_2ddc _cBK |
||
| 999 |
_c11120 _d11120 |
||